Io non ti ho creato gay Storia di un ex omosessuale

Saved in:
Bibliografiske detaljer
Hovedforfatter: Lizzio, Alessio
Format: Bog
Sprog:engelsk
Udgivet: Youcanprint 2023
Tags: Tilføj Tag
Ingen Tags, Vær først til at tagge denne postø!

MARC

LEADER 00000nam a2200000 4500
005 20241009163635.0
008 241009b |||||||| |||| 00| 0 eng d
020 |a 979-1221475593 
040 |c GP 
100 |a Lizzio, Alessio 
245 |a Io non ti ho creato gay  |b Storia di un ex omosessuale 
260 |b Youcanprint  |c 2023 
942 |2 ddc  |c BK  |n 0 
952 |0 0  |1 0  |2 ddc  |4 0  |6 306_766000000000000_LIZ  |7 1  |9 2076  |a RM  |b RM  |d 2024-10-09  |l 0  |o 306 766 LIZ  |p 844  |r 2024-10-09 16:36:52  |w 2024-10-09  |y BK 
999 |c 1816  |d 1816